| 000 | 00355nam a2200133Ia 4500 | ||
|---|---|---|---|
| 008 | 240624s9999 xx 000 0 und d | ||
| 041 | _aeng | ||
| 082 | _a658.404 TAY | ||
| 100 | _aTAYNTOR CHRISTINE B | ||
| 245 | _aPROJECT MANAGEMENT TOOLS TECHNIQUES FOR | ||
| 260 |
_c2010 _aLondon _bCRC Press |
||
| 300 | _axix, : 270 : p. : cm. ; 24 | ||
| 365 |
_cBPS _b27 |
||
| 999 |
_c16906 _d16906 |
||